Ciencia Social y Seguridad Nacional Norteamericana
שמור ב:
| מחבר ראשי: | |
|---|---|
| פורמט: | Texto |
| יצא לאור: |
México D.F.:
CONACYT. UNAM. PEMEX
|
| תגים: |
הוספת תג
אין תגיות, היה/י הראשונ/ה לתייג את הרשומה!
|
MARC
| LEADER | 00000 a a2200000 04500 | ||
|---|---|---|---|
| 001 | 24858 | ||
| 003 | |||
| 040 | |a CRAI/IIS |c CRAI/IIS | ||
| 090 | |a 178700 | ||
| 100 | |a Saxe Fernández, John | ||
| 245 | |a Ciencia Social y Seguridad Nacional Norteamericana | ||
| 260 | |a México D.F.: |b CONACYT. UNAM. PEMEX | ||
| 300 | |a 9 p. | ||
| 999 | |c 17517 |d 17517 | ||
